An encyclopeadic dictionary of eminent personalities : (Record no. 134042)

MARC details
000 -LEADER
fixed length control field 00896nam a22002537a 4500
005 - DATE AND TIME OF LATEST TRANSACTION
control field 20170124110220.0
010 ## - LIBRARY OF CONGRESS CONTROL NUMBER
LC control number B-220713
020 ## - INTERNATIONAL STANDARD BOOK NUMBER
Terms of availability 595.00
International Standard Book Number 8174873856
035 ## - SYSTEM CONTROL NUMBER
System control number B-220713
037 ## - SOURCE OF ACQUISITION
Source of stock number/acquisition Cen Lib/Ret
040 ## - CATALOGING SOURCE
Original cataloging agency DPL
Language of cataloging EN
082 ## - DEWEY DECIMAL CLASSIFICATION NUMBER
Classification number 920
Item number KAP
100 ## - MAIN ENTRY--PERSONAL NAME
Personal name Kapoor, A.N.
9 (RLIN) 3336
245 ## - TITLE STATEMENT
Title An encyclopeadic dictionary of eminent personalities :
Statement of responsibility, etc by A. N. Kapoor, V. P. Gupta [and] Mohini Gupta
Remainder of title modern India /
260 ## - PUBLICATION, DISTRIBUTION, ETC. (IMPRINT)
Place of publication, distribution, etc New Delhi
Name of publisher, distributor, etc Radha Publications
Date of publication, distribution, etc 2005
270 ## - ADDRESS
Address 4378/4B, Ansari Road, Daryaganj
City New Delhi
Postal code 110002
300 ## - PHYSICAL DESCRIPTION
Extent xvi, 368p.
Dimensions 20cm(Hb)
500 ## - GENERAL NOTE
General note Includes bibliographical references
650 ## - SUBJECT ADDED ENTRY--TOPICAL TERM
Topical term or geographic name as entry element Dictionary of Personalities.
Form subdivision Dictionary.
9 (RLIN) 22935
650 ## - SUBJECT ADDED ENTRY--TOPICAL TERM
Topical term or geographic name as entry element Dictionary -- modern eminent personalities
Form subdivision Dictionary.
9 (RLIN) 39612
700 ## - ADDED ENTRY--PERSONAL NAME
Personal name Gupta, V.P.
9 (RLIN) 3337
700 ## - ADDED ENTRY--PERSONAL NAME
Personal name Gupta, Mohini
9 (RLIN) 927
942 ## - ADDED ENTRY ELEMENTS (KOHA)
Source of classification or shelving scheme Dewey Decimal Classification
Koha item type English Books
Classification part 920
Call number suffix KAP
Holdings
Withdrawn status Lost status Damaged status Not for loan Collection code Home library Current library Date acquired Source of acquisition Cost, normal purchase price Total Checkouts Full call number Barcode Date last seen Copy number Cost, replacement price Price effective from Koha item type
      Not For Loan Reference Central Library Central Library 28/07/2015 Cen Lib/Ret 595.00   920 KAP B-220713 28/07/2015 1 595.00 28/07/2015 English Books

© Delhi Public Library
Hit Counter
free hit counter